000 00832nas a2200277 4500
001 BR9511644
003 BR-BrBNA
005 20231205095613.0
007 ta
008 230509b bl.|||p| |||| 00| 00por d
040 _aBR-BrBNA
_bpor
_cBiblioteca Nacional de Agricultura
041 _a(Pt)
072 _aE70
100 1 _aAmaral, A.M. do
100 1 _aPenido, R.T.M.
100 1 _aSouza, M. de
245 1 _aEstudo de epocas de comercializacao do abacate na CEASA/MG no periodo de janeiro de 1983 a dezembro de 1992
650 _aAbacate
650 _aMercado
650 _aPreco
650 _aColheita
650 _aMinas Gerais
773 0 _tRevista Brasileira de Fruticultura (Brazil)
_xISSN 0100-2945
_g(1994), v. 16(3) p. 95-102
_wBR9511644
909 _a202311
_bLúcia
_c55
_dLúcia Elande
942 _2AGRIS
_n0
_cANA
999 _c151638
_d151638